Statistics for Generation 2 Pokémon (Johto Region)

Click here to take the quiz!

General Stats

  • This quiz has been taken 43 times
  • The average score is 71 of 100

Answer Stats

NumberTypeAnswer% Correct
#0152GrassChikorita
100%
#0153GrassBayleef
96%
#0155FireCyndaquil
92%
#0158WaterTotodile
92%
#0157FireTyphlosion
92%
#0159WaterCroconaw
88%
#0160WaterFeraligatr
88%
#0214Bug/FightingHeracross
88%
#0250Fire/FlyingHo-Oh
88%
#0229Dark/FireHoundoom
88%
#0228Dark/FireHoundour
88%
#0246Rock/GroundLarvitar
88%
#0249Psychic/FlyingLugia
88%
#0154GrassMeganium
88%
#0247Rock/GroundPupitar
88%
#0212Bug/SteelScizor
88%
#0248Rock/DarkTyranitar
88%
#0181ElectricAmpharos
83%
#0251Psychic/GrassCelebi
83%
#0173FairyCleffa
83%
#0169Poison/FlyingCrobat
83%
#0239ElectricElekid
83%
#0244FireEntei
83%
#0180ElectricFlaaffy
83%
#0237FightingHitmontop
83%
#0171Water/ElectricLanturn
83%
#0179ElectricMareep
83%
#0156FireQuilava
83%
#0243ElectricRaikou
83%
#0208Steel/GroundSteelix
83%
#0245WaterSuicune
83%
#0170Water/ElectricChinchou
79%
#0162NormalFurret
79%
#0163Normal/FlyingHoothoot
79%
#0187Grass/FlyingHoppip
79%
#0174Normal/FairyIgglybuff
79%
#0230Water/DragonKingdra
79%
#0240FireMagby
79%
#0200GhostMisdreavus
79%
#0172ElectricPichu
79%
#0221Ice/GroundPiloswine
79%
#0161NormalSentret
79%
#0220Ice/GroundSwinub
79%
#0175FairyTogepi
79%
#0176Fairy/FlyingTogetic
79%
#0236FightingTyrogue
79%
#0189Grass/FlyingJumpluff
75%
#0177Psychic/FlyingNatu
75%
#0164Normal/FlyingNoctowl
75%
#0227Steel/FlyingSkarmory
75%
#0188Grass/FlyingSkiploom
75%
#0218FireSlugma
75%
#0215Dark/IceSneasel
75%
#0178Psychic/FlyingXatu
75%
#0168Bug/PoisonAriados
71%
#0184Water/FairyAzumarill
71%
#0165Bug/FlyingLedyba
71%
#0219Fire/RockMagcargo
71%
#0226Water/FlyingMantine
71%
#0183Water/FairyMarill
71%
#0167Bug/PoisonSpinarak
71%
#0196PsychicEspeon
67%
#0166Bug/FlyingLedian
67%
#0198Dark/FlyingMurkrow
67%
#0195Water/GroundQuagsire
67%
#0213Bug/RockShuckle
67%
#0238Ice/PsychicSmoochum
67%
#0197DarkUmbreon
67%
#0194Water/GroundWooper
67%
#0203Normal/PsychicGirafarig
63%
#0204BugPineco
63%
#0232GroundDonphan
58%
#0205Bug/SteelForretress
58%
#0207Ground/FlyingGligar
58%
#0231GroundPhanpy
58%
#0186WaterPolitoed
58%
#0211Water/PoisonQwilfish
58%
#0234NormalStantler
58%
#0185RockSudowoodo
58%
#0182GrassBellossom
54%
#0225Ice/FlyingDelibird
54%
#0206NormalDunsparce
54%
#0199Water/PsychicSlowking
54%
#0192GrassSunflora
54%
#0191GrassSunkern
54%
#0193Bug/FlyingYanma
54%
#0241NormalMiltank
50%
#0224WaterOctillery
50%
#0209FairySnubbull
50%
#0210FairyGranbull
46%
#0223WaterRemoraid
46%
#0202PsychicWobbuffet
46%
#0242NormalBlissey
42%
#0222Water/RockCorsola
42%
#0233NormalPorygon2
42%
#0216NormalTeddiursa
42%
#0217NormalUrsaring
42%
#0190NormalAipom
38%
#0235NormalSmeargle
38%
#0201PsychicUnown
33%

Score Distribution

Percentile by Number Answered

Percent of People with Each Score

Your Score History

You have not taken this quiz